Statistics for World Countries Anagrams #7

Click here to take the quiz!

General Stats

  • This quiz has been taken 660 times
  • The average score is 10 of 16

Answer Stats

AnagramCountry% Correct
Via boilBolivia
91%
Ox miceMexico
86%
I be liarLiberia
83%
A zanier jabAzerbaijan
78%
I regainNigeria
76%
Ruin budBurundi
71%
A thin ladThailand
70%
I in a traumaMauritania
63%
Nuke airUkraine
63%
A marineArmenia
62%
Sue tank bizUzbekistan
58%
Race duoEcuador
55%
Maid iconDominica
46%
Eight ensnared ant van incidentsSaint Vincent and the Grenadines
35%
Cacti oarsCosta Rica
25%
Tunic aliasSaint Lucia
20%

Score Distribution

Percentile by Number Answered

Percent of People with Each Score

Your Score History

You have not taken this quiz